000 00449nam a2200193Ia 4500
003 LK-CoDNM
008 010623t1991 xxu||||| |||| 00| 1 eng d
040 _aLK-CoDNM
_dLK-CoDNM
_eLK-CoDNM
041 _aeng
080 _a330.1BOY
100 _aMelvin
245 _aEconomics
260 _b Houghton Mifflin company
_a Boston
_c1991
300 _b1045p, 25 cm
650 _aEconomics
650 _aTextbook
700 _aBoyes
942 _cBK
999 _c114976
_d114976